000 00854nam a22002537a 4500
999 _c11266
_d11266
003 AR-CdUCM
008 190403b ||||| |||| 00| 0 spa d
040 _aMUNICIPALIDAD PROVINCIAL DEL CUSCO
_cBIBLIOTECA MUNICIPAL DEL CUSCO
041 _heng
082 _a373.22 /
_bW453 /1944
100 _aWells, Margaret Elizabeth
_928545
245 _aUn programa desarrollado en proyectos /
260 _aBuenos Aires :
_bLosada,
_c1944.
300 _a203 páginas ;
_c19 cm.
440 _aLa escuela activa
_n6
_928546
505 _aContenido: Un proyecto-introducción -- Proyectos mayores -- Resultados conseguidos.
650 _aEducación
_9460
650 _aMetodología
_92264
650 _aProyectos
_94155
650 _aMétodo de Escuela activa
_928547
700 _aSaínz, Fernando (traductor)
_928548
942 _2ddc
_cLIBROS
945 _acmm